000 00511nam a2200181Ia 4500
003 OSt
005 20200928104740.0
008 190216s9999||||xx |||||||||||||| ||und||
020 _a9788121904049
040 _coclc
082 _a582.13
_bPAN/T
100 _aPandey, B P
_94781
245 0 _aA Textbook Of Botany:
_bAngiosperms /
_cB P Pandey
260 _bS Chand & Company,
_c2001.
_aNew Delhi:
300 _a990p
650 _aBotany
942 _cBK
_2ddc
_h582.13
_iPAN/T
_k582.13
_mPAN/T
999 _c1525
_d1525